000 00423pab a2200157 454500
008 180718b2011 xxu||||| |||| 00| 0 eng d
100 _aPhillips, Coretta
245 _aInstitutional racism and ethnic inequalities: An expanded multilevel framework
260 _c2011
300 _ap.173-192.
362 _aJan
650 _aEthnic discrimination
773 _aJournal of Social Policy
908 _aN
909 _a92417
999 _c92417
_d92417